| 000 | 01015 a2200241 4500 | ||
|---|---|---|---|
| 999 |
_c1996 _d1996 |
||
| 020 | _a0852551584 (J. Currey) | ||
| 020 | _a0852551576 (pbk. : J. Currey) | ||
| 020 | _a0865436924 (AWP) | ||
| 020 | _a0865436932 (pbk. : AWP) | ||
| 050 | 0 | 0 | _aHG3350.BRO 1998 |
| 100 | 1 |
_aBrownbridge, Martin. _eauthor |
|
| 245 | 1 | 0 |
_aBanking in Africa : _bthe impact of financial sector reform since independence / _cMartin Brownbridge & Charles Harvey ; with Augustine Fritz Gockel. |
| 264 |
_aKampala : _bFountain publishers., _c1998 |
||
| 300 |
_axiii, 242 p. : _bill. ; |
||
| 500 | _aIncludes bibliographical references (p. 223-233) and index. | ||
| 504 | _aIncludes bibliographical references (p. 223-233) and index. | ||
| 650 | 0 | _aBanks and banking | |
| 651 | _aSub-Saharan Africa | ||
| 700 | 1 |
_aHarvey, Charles, _eauthor |
|
| 700 | 1 |
_aGockel, Augustine F. _q(Augustine Fritz) _eauthor |
|
| 942 |
_2lcc _cBK _h3350 _iBRO _kHG |
||